[Event "Vandoeuvre op 10th"]
[Site "Vandoeuvre"]
[Date "2013.12.27"]
[Round "3"]
[White "Brunner, Nicolas"]
[Black "Taddei, Benoit"]
[Result "1/2-1/2"]
[WhiteElo "2441"]
[BlackElo "2370"]
[Annotator "RR"]
[PlyCount "123"]
[EventDate "2013.12.26"]
[EventType "swiss"]
[EventRounds "9"]
[EventCountry "FRA"]
[SourceTitle "EXT 2017"]
[Source "ChessBase"]
[SourceDate "2016.10.25"]
[SourceVersion "1"]
[SourceVersionDate "2016.10.25"]
[SourceQuality "1"]

1. d4 Nf6 2. c4 d6 3. Nc3 e5 4. Nf3 e4 5. Ng5 Qe7 6. Qc2 Bf5 7. g4 Bg6 (7...
Nxg4 8. Ngxe4 Nc6 9. e3 g6 10. Bg2 Bg7 11. Nd5 Qd8 12. h3 Nh6 13. b4 O-O 14. b5
Nb8 15. Qd2 Be6 16. Qa5 Bxd5 17. cxd5 f5 18. Nd2 f4 19. Nf3 Nf5 20. Qc3 fxe3
21. fxe3 Ng3 22. Rg1 Nd7 23. h4 Nc5 24. Qc2 Nce4 25. h5 gxh5 26. Bb2 h4 27.
O-O-O h3 28. Bh1 Qe7 29. Qh2 Nxh1 30. Qxh3 Nhf2 {0-1 (30) Oliva Castaneda,K 
(2428)-Cuenca Jimenez,J (2489) Havana 2014}) 8. Bg2 Nc6 9. Qa4 Qd7 10. d5 Ne5
11. Qb3 $146 (11. Qxd7+ Kxd7 12. Ngxe4 Nxe4 13. Nxe4 Bxe4 14. Bxe4 g6 15. b3
Nxg4 16. Bb2 Rg8 17. h3 Nh6 18. Rd1 Re8 19. Bc2 Bg7 20. Bc1 Re5 21. Bf4 Rh5 22.
Kf1 g5 23. Bg3 f5 24. e3 Be5 25. Bd3 g4 26. Kg2 gxh3+ 27. Rxh3 Rxh3 28. Kxh3
Bxg3 29. fxg3 Re8 30. Rf1 Rxe3 31. Bxf5+ Nxf5 32. Rxf5 Re7 33. g4 a5 34. g5 Ke8
35. Rf4 Re2 36. Rh4 Re7 37. a4 Re3+ 38. Kg4 Re4+ 39. Kh5 Rxh4+ 40. Kxh4 Kf7 {
Gasanov,E (2440)-Varavin,V (2491) Alushta 2001 1/2-1/2}) 11... Be7 12. h3 Nfxg4
13. Ngxe4 Bxe4 14. Nxe4 Nf6 15. Ng3 O-O 16. Bd2 Qc8 17. Qc2 a5 18. Rg1 Re8 19.
f4 Ned7 20. O-O-O Bf8 21. e4 g6 22. Bf3 Bg7 23. h4 Qb8 24. Kb1 b5 25. cxb5 Qxb5
26. Bc3 Rab8 27. h5 Nc5 28. e5 dxe5 29. hxg6 fxg6 30. Bxe5 (30. Nf5 $5 {
[%cal Gg1g7]} gxf5 31. Rxg7+ $1 Kxg7 32. Qxf5 {[%cal Gd1g1]} Ncd7 33. Rg1+ Kh8
34. fxe5 $40 {[%cal Gc3h8]}) 30... Rxe5 31. fxe5 Nfd7 32. Be2 Qb4 33. d6 cxd6
34. Qc4+ Kh8 35. Qxb4 Rxb4 36. a3 Rb8 37. Rxd6 Bxe5 38. Rd2 Nf6 39. Rc2 Na4 40.
Ka2 Nxb2 41. Rb1 Bxg3 42. Rbxb2 Rxb2+ 43. Rxb2 h5 44. Rb5 Be1 45. Bd3 h4 46.
Bxg6 h3 47. Re5 Bg3 48. Rf5 h2 49. Rf1 Bf2 50. Rh1 Bg1 51. Kb3 Kg7 52. Bc2 Ng4
53. Ka4 Nf2 54. Rxh2 Bxh2 55. Kxa5 Kf6 56. a4 Ke7 57. Kb6 Ng4 58. a5 Ne5 59. a6
Kd6 60. a7 Bg1+ 61. Ka6 Bxa7 62. Kxa7 1/2-1/2

[Event "Plancoet op-A 10th"]
[Site "Plancoet"]
[Date "2013.08.01"]
[Round "7"]
[White "Epishin, Vladimir"]
[Black "Petre, Nad Titus"]
[Result "1-0"]
[WhiteElo "2598"]
[BlackElo "2371"]
[Annotator "RR"]
[PlyCount "79"]
[EventDate "2013.07.28"]
[EventType "swiss"]
[EventRounds "9"]
[EventCountry "FRA"]
[SourceTitle "EXT 2017"]
[Source "ChessBase"]
[SourceDate "2016.10.25"]
[SourceVersion "1"]
[SourceVersionDate "2016.10.25"]
[SourceQuality "1"]
[TimeControl "40/5400+30:1800+30"]

1. d4 Nf6 2. c4 d6 3. Nc3 Nbd7 4. Nf3 e5 5. Bg5 Be7 6. Qc2 {[%cal Ge1c1] Un
coup souple qui garde l'option du oo ou du ooo} O-O 7. Rd1 (7. O-O-O Ng4 8.
Bxe7 Qxe7 9. e3 Ngf6 10. h3 b6 11. g4 Bb7 12. d5 g6 13. Be2 c6 14. g5 Ne8 15.
h4 cxd5 16. Nxd5 Bxd5 17. Rxd5 Rc8 18. Kb1 a6 19. Qd1 Nc5 20. h5 Ne4 21. Rh2
Nxg5 22. Nh4 Rc5 23. a3 a5 24. Ka2 Rxd5 25. Qxd5 Ne6 26. Bd3 Nf6 27. Qg2 Nxh5
28. Nf5 Qg5 29. Qc6 Nc5 30. Bc2 Qg1 31. Rxh5 Qxf2 32. Qxd6 Re8 33. Qf6 gxf5 34.
Rxf5 Qxc2 35. Qxf7+ Kh8 36. Qxe8+ {1-0 (36) Adhiban,B (2564)-Iuldachev,S (2458)
Visakhapatnam 2012}) (7. e3 c6 8. Bd3 h6 9. h4 $5 Re8 10. Bxf6 Bxf6 11. O-O-O
$14 {Alburt,L (2580)-Morovic Fernandez,I (2420) Santiago Santiago de Chile
1981 (1) 1/2}) 7... exd4 8. Nxd4 Re8 9. e3 h6 10. Bh4 Nc5 (10... Bf8 11. Be2 c6
12. O-O Qc7 13. Rd2 a5 14. Rfd1 g5 15. Bg3 Nc5 16. f3 Nh5 17. Bf2 Ng7 18. Bf1
f5 19. b3 Qf7 20. a3 Kh8 21. b4 axb4 22. axb4 Nce6 23. e4 Nf4 24. Qb2 fxe4 25.
Nxe4 d5 26. cxd5 cxd5 27. Nc5 b6 28. Nd3 Ng6 29. Nc6 Re6 30. Nd8 Qf6 31. Nxe6
Qxb2 32. Rxb2 {1-0 (32) McCambridge,V-Fritzinger,D Berkeley 1981}) 11. Be2 c6
12. Bg3 Bf8 13. Bf3 g6 14. O-O Bg4 15. Bxg4 Nxg4 16. b4 Nd7 17. Nb3 Ndf6 18.
Rd4 Ne5 19. Rfd1 $14 Qc8 (19... Qc7 {[%cal Ga8d8]}) 20. h3 c5 21. bxc5 dxc5 22.
Nd5 Bg7 23. Nxf6+ Bxf6 24. Rd5 b6 25. Nd2 Re6 26. Ne4 {[%cal Ge4f6,Ge4d6]} Bg7
27. Nd6 Qf8 28. Nb5 Re7 (28... Qe7 29. a4 a6 30. Nd6 Nc6 (30... Rd8 31. Nf5))
29. Bh4 f6 $2 {[%csl Re6]} 30. f4 $18 g5 31. fxe5 gxh4 32. Rf1 f5 33. Rxf5 Rf7
34. Nd6 Rxf5 35. Nxf5 Re8 36. Qe4 Re6 37. Qg4 Kh7 38. Nxg7 Rg6 39. Ne6 Qe8 40.
Rd7+ 1-0

[Event "Sautron op 15th"]
[Site "Sautron"]
[Date "2015.10.24"]
[Round "7.7"]
[White "Barbot, Pierre"]
[Black "Duboue, Peio"]
[Result "0-1"]
[WhiteElo "2447"]
[BlackElo "2368"]
[Annotator "RR"]
[PlyCount "127"]
[EventDate "2015.10.24"]
[EventType "swiss"]
[EventRounds "9"]
[EventCountry "FRA"]
[SourceTitle "CBM 169 Extra"]
[Source "ChessBase"]
[SourceDate "2015.12.18"]
[SourceVersion "1"]
[SourceVersionDate "2015.12.18"]
[SourceQuality "1"]
[TimeControl "40/5400+30:1800+30"]
[WhiteClock "0:42:28"]
[BlackClock "0:50:11"]

1. d4 {[%emt 0:00:00]} Nf6 {[%emt 0:00:00]} 2. c4 {[%emt 0:00:00]} d6 {[%emt 0:
00:00]} 3. Nc3 {[%emt 0:00:13]} e5 {[%emt 0:01:53]} 4. Nf3 {[%emt 0:00:04]} (4.
dxe5 dxe5 5. Qxd8+ Kxd8 $11 {[%cal Gc7c6,Gd8c7]}) 4... exd4 {[%emt 0:04:53]
Une variante assez rare} (4... Nbd7) 5. Nxd4 {[%emt 0:01:44]} g6 {[%emt 0:04:
53]} 6. g3 {[%emt 0:00:00]} (6. e4) 6... Bd7 {[%emt 0:05:23]} (6... Bg7 7. Bg2
O-O 8. O-O Nbd7 9. b3 Re8 10. Bb2 a6 11. h3 Rb8 12. a4 Ne5 13. Kh2 c5 14. Nf3
Nc6 15. Re1 Ne4 16. Nxe4 Rxe4 17. Bxg7 Kxg7 18. Qd2 Qf6 19. Rad1 Nd4 20. Nxd4
Rxd4 21. Qe3 Be6 22. a5 b6 23. axb6 Rxb6 24. Kg1 Qe5 25. Qf3 a5 26. Ra1 Rd2 27.
Rxa5 Qb2 28. Rb5 Ra6 29. Bf1 h5 30. Qf4 Rd4 31. Qc1 Ra2 32. Qxb2 Rxb2 33. h4
Rdd2 34. Ra1 Bf5 35. Rb7 Be4 36. Rd7 {Le,Q (2712)-Mamedov,R (2637)
Khanty-Mansiysk 2013 0-1 (76)}) 7. Bg2 {[%emt 0:00:27]} Nc6 {[%emt 0:00:21]} 8.
Bg5 {[%emt 0:02:29]} Bg7 {[%emt 0:01:20]} 9. Nd5 {[%emt 0:09:33]} h6 {[%emt 0:
01:39]} 10. Nxf6+ {[%emt 0:04:08]} Bxf6 {[%emt 0:00:06]} 11. Bxf6 {[%emt 0:02:
28]} Qxf6 {[%emt 0:00:07]} 12. Nxc6 {[%emt 0:00:03]} Bxc6 {[%emt 0:00:50]} 13.
Bxc6+ {[%emt 0:00:04]} bxc6 {[%emt 0:00:04]} 14. Qd2 $146 {[%emt 0:01:15]} (14.
Qa4 O-O 15. O-O Qxb2 16. Qxc6 Qb6 17. Qd5 Rae8 18. Rab1 Qa6 19. e3 Re5 20. Qd3
Rc5 21. Rb5 Qc6 22. Rxc5 Qxc5 23. Rb1 Re8 24. Rb5 Qc6 25. Qd4 a6 26. Rb3 h5 27.
h4 Kf8 28. a3 Re5 29. f4 Re8 30. Qd5 Qa4 31. Rc3 Rb8 32. Qd3 Rb2 33. c5 Qc6 34.
e4 dxc5 35. Qd8+ Kg7 36. Qd5 Rb1+ 37. Kf2 Qb5 38. Qd3 Qb2+ 39. Rc2 Qa1 40. Qc3+
Qxc3 41. Rxc3 Rb5 42. e5 Kf8 43. a4 Rb4 {Hossain,D (2126)-Barua,P (1965) Dhaka
2014 1-0}) 14... O-O $11 {[%emt 0:02:46]} 15. O-O {[%emt 0:00:46]} h5 {[%emt 0:
02:06]} 16. b4 {[%emt 0:06:22]} Rfe8 {[%emt 0:03:02]} (16... h4) 17. Qd3 {
[%emt 0:00:58]} Qb2 {[%emt 0:01:18]} 18. Qf3 {[%emt 0:02:02]} Qxb4 {[%emt 0:06:
16]} 19. Qxc6 {[%emt 0:00:05]} Qb6 {[%emt 0:01:33]} 20. Qf3 {[%emt 0:00:06]}
Rab8 {[%emt 0:02:54]} 21. e3 {[%emt 0:00:07]} Qa6 {[%emt 0:03:08]} 22. Rfc1 {
[%emt 0:01:47]} Re5 {[%emt 0:00:10]} 23. c5 {[%emt 0:09:47]} Rxc5 {[%emt 0:01:
07]} 24. Rxc5 {[%emt 0:00:20]} dxc5 {[%emt 0:00:04]} 25. Qd1 {[%emt 0:13:04]}
Qf6 {[%emt 0:02:22]} 26. Rb1 {[%emt 0:00:51]} Rb6 {[%emt 0:04:07]} 27. Qc2 {
[%emt 0:00:42]} Kh7 {[%emt 0:01:51]} 28. Rb3 {[%emt 0:00:49]} h4 {[%emt 0:06:
35]} 29. Kg2 {[%emt 0:09:25]} Qe6 {[%emt 0:02:12]} 30. h3 {[%emt 0:03:09]} hxg3
{[%emt 0:00:27]} 31. Kxg3 {[%emt 0:00:04]} c4 {[%emt 0:01:22]} 32. Rc3 $44 {
[%emt 0:00:24][%csl Rc4,Rc7]} Rc6 {[%emt 0:00:34]} 33. e4 {[%emt 0:06:08]} Qd6+
{[%emt 0:00:50]} 34. Kg2 {[%emt 0:00:17]} Qd4 {[%emt 0:00:59]} 35. Kf1 {
[%emt 0:04:24]} Kg7 {[%emt 0:00:54]} 36. Rf3 {[%emt 0:03:57]} c3 {[%emt 0:01:
14]} 37. Ke2 {[%emt 0:00:17]} Qb4 {[%emt 0:01:53]} 38. Kd1 {[%emt 0:02:40]} Qb2
$1 $17 {[%emt 0:11:00][%csl Gc3]} 39. Rd3 {[%emt 0:00:03]} Rd6 $1 {[%emt 0:01:
43][%csl Gc3,Rd1] Force l'échange des R et en finale de Q, un P passé très
avancé est souvent un facteur décisif} 40. Rxd6 {[%emt 0:00:00]} cxd6 {
[%emt 0:00:00]} 41. Qxb2 {[%emt 0:01:50] Récupère un P mais la finale de P
est difficile pour Pierre qui a un K hors-jeu} cxb2 {[%emt 0:01:28]} 42. Kc2 {
[%emt 0:00:00]} Kf6 {[%emt 0:00:10][%csl Rc2,Gf6][%cal Gf6e5]} 43. f4 {[%emt 0:
03:55]} g5 $1 {[%emt 0:00:05]} 44. fxg5+ {[%emt 0:00:02]} Kxg5 {[%emt 0:00:06]}
45. h4+ $1 {[%emt 0:00:41]} Kxh4 {[%emt 0:00:05]} 46. Kxb2 {[%emt 0:00:02]} f5
$1 {[%emt 0:09:32]} (46... Kg5 $143 $2 47. Kc3 Kf4 48. Kd4) 47. exf5 {[%emt 0:
00:14]} Kg5 {[%emt 0:00:03]} 48. Kc3 {[%emt 0:01:38]} Kxf5 {[%emt 0:00:05]
[%csl Gd6]} 49. Kd4 {[%emt 0:00:07]} Ke6 {[%emt 0:00:03]} 50. Ke4 {[%emt 0:01:
38]} d5+ {[%emt 0:00:05]} 51. Kd4 {[%emt 0:00:02]} Kd6 $19 {[%emt 0:00:09]} 52.
Kd3 {[%emt 0:00:32]} Kc5 {[%emt 0:00:05]} 53. Kc3 {[%emt 0:00:03]} d4+ {
[%emt 0:01:07]} 54. Kd3 {[%emt 0:00:04]} Kd5 {[%emt 0:00:04]} 55. Kd2 {[%emt 0:
00:38]} Kc4 {[%emt 0:00:05]} 56. Kc2 {[%emt 0:00:03]} d3+ {[%emt 0:01:33]} 57.
Kd2 {[%emt 0:00:11]} Kd4 {[%emt 0:00:04]} 58. Kd1 {[%emt 0:01:43]} Kc3 {
[%emt 0:00:05]} 59. Kc1 {[%emt 0:00:02]} a5 {[%emt 0:01:53]} 60. Kd1 {[%emt 0:
03:25]} Kb2 {[%emt 0:00:19]} 61. a4 {[%emt 0:00:48]} Kb3 {[%emt 0:00:05]} 62.
Kd2 {[%emt 0:00:05]} Kxa4 {[%emt 0:00:06]} 63. Kc3 {[%emt 0:00:17]} Ka3 {
[%emt 0:00:06]} 64. Kd4 0-1

[Event "Balkaniad"]
[Site "Kavala"]
[Date "1990.??.??"]
[Round "2"]
[White "Sokolov, Ivan"]
[Black "Gheorghiu, Florin"]
[Result "1-0"]
[WhiteElo "2550"]
[BlackElo "2500"]
[Annotator "Ribli,Z"]
[PlyCount "79"]
[EventDate "1990.10.??"]
[EventType "team"]
[EventRounds "6"]
[EventCountry "GRE"]
[SourceTitle "CBM 021"]
[Source "ChessBase"]
[SourceDate "1991.04.01"]
[SourceVersion "1"]
[SourceVersionDate "1991.04.01"]
[SourceQuality "1"]

1. d4 Nf6 2. c4 d6 3. Nc3 e5 4. Nf3 e4 5. Nd2 Qe7 (5... Bf5 6. e3 c6 7. b4 Be7
8. Nb3 O-O $13 {Peshina,G-Zhuravlev,V Daugavpils 1990 CBM/17}) 6. e3 (6. Qc2 $5
) 6... g6 7. Be2 h5 8. O-O Bh6 9. f3 $1 Bxe3+ 10. Kh1 O-O (10... exf3 11. Nxf3
Bxc1 12. Rxc1 $146) 11. Ndxe4 Bxc1 12. Qxc1 Nc6 13. Qd2 Nh7 14. Nd5 Qd8 15. f4
f5 16. Ng5 Ne7 17. Bf3 c6 18. Nxe7+ Qxe7 19. Rae1 $14 Qg7 20. d5 Nxg5 21. fxg5
c5 22. Re2 Rf7 23. b4 $1 b6 24. Re6 $1 Rd7 25. bxc5 bxc5 26. Qf4 Ba6 27. Rfe1
Rad8 28. Rf6 Kh7 29. Bxh5 $1 gxh5 30. Qxf5+ Kh8 31. Rh6+ Kg8 32. Rg6 Bxc4 33.
Qe6+ Rf7 34. Rxg7+ Kxg7 35. g6 Rb7 36. h3 Bd3 37. Re3 c4 38. Rf3 Rf8 39. Rxf8
Kxf8 40. Qc8+ 1-0

[Event "Bern"]
[Site "Bern"]
[Date "1991.??.??"]
[Round "8"]
[White "Summermatter, Daniel"]
[Black "Costa, Jean Luc"]
[Result "0-1"]
[WhiteElo "2320"]
[BlackElo "2405"]
[Annotator "Ribli,Z"]
[PlyCount "76"]
[EventDate "1991.02.??"]
[EventType "tourn"]
[EventRounds "9"]
[EventCountry "SUI"]
[EventCategory "9"]
[SourceTitle "CBM 022"]
[Source "ChessBase"]
[SourceDate "1991.06.01"]
[SourceVersion "1"]
[SourceVersionDate "1991.06.01"]
[SourceQuality "1"]

1. d4 Nf6 2. c4 d6 3. Nc3 e5 4. Nf3 e4 5. Ng1 (5. Nd2 Qe7 6. e3 g6 7. Be2 h5 8.
O-O Bh6 9. f3 $1 Bxe3+ 10. Kh1 O-O 11. Ndxe4 $14 {Sokolov,I-Gheorghiu,F Kavala
Balkaniad JUG-ROM 1990 CBM/21 50/76}) 5... Bf5 (5... h6 $5) 6. Bg5 h6 7. Bxf6
Qxf6 8. e3 (8. Qb3 $5) 8... Nd7 9. Nge2 Qe7 10. Qb3 Rb8 11. Ng3 Bh7 12. h4 $6 (
12. Be2 $5) 12... c6 13. Be2 a6 14. O-O-O Nf6 15. Rhe1 Qc7 16. Qc2 Qa5 17. Qa4
Qxa4 18. Nxa4 Be7 19. Nc3 d5 20. cxd5 cxd5 21. Rd2 Kd7 22. Bd1 Bd6 $1 23. Bb3
Bxg3 24. fxg3 Ke6 25. Rf2 Rhd8 26. Ref1 Ng4 27. Rxf7 Nxe3 28. Rxg7 Nxf1 29.
Rxh7 Nxg3 30. Rxh6+ Kf5 31. Nxd5 Ne2+ 32. Kd2 Nxd4 33. Rh5+ Kg4 34. Nf6+ Kf4
35. Bd5 Nf5 36. Ke1 Rd6 37. g3+ Nxg3 38. Rh6 Ke5 0-1

[Event "Groningen op"]
[Site "Groningen"]
[Date "1990.??.??"]
[Round "7"]
[White "Kaidanov, Gregory S"]
[Black "Bosboom, Manuel"]
[Result "1-0"]
[WhiteElo "2540"]
[BlackElo "2470"]
[Annotator "Ribli,Z"]
[PlyCount "155"]
[EventDate "1990.??.??"]
[EventType "swiss"]
[EventRounds "9"]
[EventCountry "NED"]
[SourceTitle "CBM 022"]
[Source "ChessBase"]
[SourceDate "1991.06.01"]
[SourceVersion "1"]
[SourceVersionDate "1991.06.01"]
[SourceQuality "1"]

1. d4 Nf6 2. c4 d6 3. Nf3 Nbd7 4. Nc3 e5 5. Bg5 (5. e4 {Sehr wichtig!} Be7 6.
Be2 O-O 7. O-O Re8 8. Qc2 c6 9. d5 c5 10. a3 g6 11. Ne1 h5 12. Nd3 Nh7 13. f4
exf4 14. Bxf4 Nb6 15. b3 Bf6 16. Rae1 Ng5 17. e5 dxe5 18. Be3 $1 $146 {Meine
Empfehlung war in CBM/21 18.Nxe5 ein Fehler, weil der Turm e8 und  nicht f8
steht! Kolev,A-Roth,P Wien op 1990 -> A 55}) 5... c6 6. e3 Be7 (6... Qe7 7. Be2
g6 8. Qb3 Bg7 9. Qa3 $14 {Boensch,U-Hickl,J Munich 1990 CBM/18}) 7. Qc2 h6 8.
Bh4 O-O (8... Nh5 9. Bxe7 Qxe7 10. Be2 Nhf6 11. O-O O-O 12. Rad1 Re8 13. h3 Nf8
14. c5 $14 {Knaak-Cifuentes Parada Wijk 1988 45/(74)}) 9. Be2 Nh7 10. Bg3 Ng5
11. O-O-O Nxf3 12. Bxf3 Qa5 13. Kb1 Re8 14. Rhe1 $14 Bf8 15. c5 d5 16. Bg4 exd4
17. exd4 Nf6 18. Rxe8 Nxe8 19. Bxc8 Rxc8 20. Qf5 Qd8 21. Bh4 g5 22. Bg3 Ng7 23.
Qh3 h5 24. Be5 g4 25. Qg3 Qg5 26. h3 Nf5 27. Qd3 f6 28. Bh2 Re8 29. a3 Nh4 30.
hxg4 hxg4 31. Qg3 Qg6+ 32. Ka2 Nf5 33. Qc7 Qh7 34. Qf4 Qg6 35. Qd2 Bh6 36. Bf4
Kg7 37. Bxh6+ Qxh6 38. Qd3 Qf4 39. g3 Qf3 40. Qc2 Rh8 41. Rd3 Qh1 42. Rd1 Qf3
43. Rd3 Qh1 44. Qe2 Qh5 45. Qd1 Re8 46. Ne2 Nh6 47. Nf4 Qf5 48. Qb3 Qd7 49. Re3
Re4 50. Rxe4 dxe4 51. d5 cxd5 52. Qxd5 Qxd5+ 53. Nxd5 Kf7 54. Kb3 Ke6 55. Kc4
Nf7 56. Kd4 Ne5 57. Nf4+ Kf5 58. b4 a6 59. Kd5 Nd3 60. Ne2 Nxf2 61. a4 Nd3 62.
Nd4+ Kg5 63. b5 axb5 64. axb5 e3 65. Ne2 Kf5 66. Nc3 Ne5 67. Ne2 Nd3 68. Kd4
Nxc5 69. Kxc5 Ke4 70. Kc4 Kf3 71. Kd3 b6 72. Nc3 f5 73. Ne2 Kf2 74. Nd4 Kxg3
75. Nxf5+ Kf2 76. Nxe3 g3 77. Kd4 Ke2 78. Nd5 1-0

[Event "Daugavpils"]
[Site "Daugavpils"]
[Date "1990.??.??"]
[Round "?"]
[White "Piesina, Gintautas"]
[Black "Zhuravlev, Valery Ivanovich"]
[Result "0-1"]
[WhiteElo "2420"]
[BlackElo "2460"]
[Annotator "Ribli,Z"]
[PlyCount "82"]
[EventDate "1990.02.??"]
[EventType "tourn"]
[EventRounds "9"]
[EventCountry "LAT"]
[EventCategory "8"]
[SourceTitle "CBM 017"]
[Source "ChessBase"]
[SourceDate "1990.08.01"]
[SourceVersion "1"]
[SourceVersionDate "1990.08.01"]
[SourceQuality "1"]

1. d4 Nf6 2. c4 d6 3. Nc3 e5 4. Nf3 e4 5. Nd2 Bf5 6. e3 c6 7. b4 {7.Be2
Schlosser,P-Hickl,J FRG-ch 1989  CBM/15} Be7 8. Nb3 O-O 9. Be2 Re8 10. a4 Bf8
11. b5 a6 12. Bd2 Kh8 13. O-O Nbd7 14. bxc6 bxc6 15. Rb1 Ng8 16. Bg4 Bxg4 17.
Qxg4 Nh6 18. Qh3 f5 19. f3 Nf6 20. fxe4 Nxe4 21. Nxe4 Rxe4 22. Na5 Rc8 23. Rb7
Be7 24. Rfb1 Qe8 $1 {>< e3} 25. Qg3 Nf7 26. h3 Bf6 27. c5 f4 $1 28. Qg4 fxe3
29. Qxc8 Qxc8 30. Rb8 Qg8 31. Rxg8+ Kxg8 32. Be1 Nd8 33. d5 dxc5 34. dxc6 Be5
35. Rc1 $6 {35.Nb7!?} Ne6 36. Nb7 e2 37. g3 Rxa4 38. Kf2 Re4 39. Nxc5 Nxc5 40.
Rxc5 Bd4+ 41. Kf3 Re3+ 0-1

[Event "Bern zt"]
[Site "Bern"]
[Date "1990.??.??"]
[Round "5"]
[White "Bruk, Ofer"]
[Black "Hickl, Joerg"]
[Result "1/2-1/2"]
[WhiteElo "2435"]
[BlackElo "2500"]
[Annotator "Ribli,Z"]
[PlyCount "115"]
[EventDate "1990.01.??"]
[EventType "tourn"]
[EventRounds "15"]
[EventCountry "SUI"]
[EventCategory "9"]
[SourceTitle "CBM 017"]
[Source "ChessBase"]
[SourceDate "1990.08.01"]
[SourceVersion "1"]
[SourceVersionDate "1990.08.01"]
[SourceQuality "1"]

1. c4 e5 2. g3 Nf6 3. Bg2 d6 4. Nc3 Be7 5. Nf3 O-O 6. O-O Re8 7. d4 Nbd7 8. h3
c6 9. dxe5 {9.Qc2!? /\ dxe5} dxe5 10. Be3 Qc7 11. Qc2 Nf8 12. Rfd1 Be6 13. b3 {
=} Qc8 14. Kh2 Bf5 15. Qb2 Ng6 16. Nd2 Qc7 17. Kg1 Rad8 18. Nde4 Nxe4 19. Nxe4
Be6 20. Nc5 Bc8 21. Na4 b6 22. Rxd8 Rxd8 23. Qc2 f5 24. Rd1 Rf8 25. Bc1 e4 26.
Nc3 Bc5 27. Na4 Be7 28. Nc3 Be6 29. h4 h5 30. Qd2 Rd8 31. Qc2 Bf6 32. Rxd8+
Qxd8 33. Qd2 Qxd2 34. Bxd2 Ne5 35. Kf1 Kf7 36. Nd1 Ke7 37. Ke1 Kd6 38. f3 exf3
39. exf3 b5 40. cxb5 cxb5 41. Ke2 Nc6 42. f4 Bd5 43. Bxd5 Kxd5 44. Kd3 Bd4 45.
a3 g6 46. Be3 Bf6 47. Bf2 a6 48. Ne3+ Kd6 49. Nc2 Na5 50. Bd4 Be7 51. b4 Nb7
52. Ne1 Kd5 53. Nf3 Nd6 54. Ne5 Bf6 55. Nf3 Bd8 56. Ne5 Bf6 57. Nf3 Bd8 58. Ne5
1/2-1/2

[Event "Munich"]
[Site "Munich"]
[Date "1990.??.??"]
[Round "?"]
[White "Boensch, Uwe"]
[Black "Hickl, Joerg"]
[Result "1/2-1/2"]
[WhiteElo "2530"]
[BlackElo "2500"]
[Annotator "Ribli,Z"]
[PlyCount "51"]
[EventDate "1990.04.??"]
[EventType "tourn"]
[EventRounds "11"]
[EventCountry "GER"]
[EventCategory "13"]
[SourceTitle "CBM 018"]
[Source "ChessBase"]
[SourceDate "1990.10.01"]
[SourceVersion "1"]
[SourceVersionDate "1990.10.01"]
[SourceQuality "1"]

1. d4 d6 2. Nf3 Nf6 3. c4 Nbd7 4. Nc3 e5 5. Bg5 c6 6. e3 Qe7 $6 7. Be2 g6 8.
Qb3 $1 (8. Ne4 $2 h6 9. c5 dxc5 10. dxe5 hxg5 11. Nd6+ Kd8 12. Nxg5 Nxe5 13.
Ndxf7+ Kc7 14. Nxe5 Qxe5 15. Nf7 Qe8 16. Nxh8 Bd6 $15 {Reshko,A-Tal,M/ URS 1971
}) 8... Bg7 9. Qa3 exd4 10. exd4 Nb6 11. O-O O-O 12. Rfe1 Be6 13. Ne4 Nc8 14.
Nfd2 Bf5 15. Bf3 (15. Bf1 $5) 15... Qd8 16. Qe3 Nb6 17. Qf4 d5 $1 18. Ng3 (18.
Nxf6+ Bxf6 19. Bxf6 Qxf6 20. g4 Qh4 $1) (18. Nd6 $5) 18... Be6 19. b3 Kh8 20.
Qh4 Nbd7 21. cxd5 cxd5 22. Ne2 Qb6 23. Nf4 Kg8 24. Nf1 Rfe8 25. Rad1 Qd6 26.
Ne3 1/2-1/2

[Event "Munich"]
[Site "Munich"]
[Date "1990.??.??"]
[Round "?"]
[White "Gulko, Boris F"]
[Black "Hickl, Joerg"]
[Result "1-0"]
[WhiteElo "2610"]
[BlackElo "2500"]
[Annotator "Ribli,Z"]
[PlyCount "81"]
[EventDate "1990.04.??"]
[EventType "tourn"]
[EventRounds "11"]
[EventCountry "GER"]
[EventCategory "13"]
[SourceTitle "CBM 018"]
[Source "ChessBase"]
[SourceDate "1990.10.01"]
[SourceVersion "1"]
[SourceVersionDate "1990.10.01"]
[SourceQuality "1"]

1. d4 Nf6 2. c4 d6 3. Nc3 e5 4. Nf3 Nbd7 5. Bg5 Be7 6. e3 Ng8 7. Bxe7 Nxe7 8.
Be2 Nc6 (8... O-O 9. O-O exd4 10. Nxd4 Nc6 11. Nd5 $1 Nxd4 12. Qxd4 a5 13. f4
Re8 14. Bf3 Nc5 15. e4 $14 {Gulko-Kochyev/ Lvov zt 1978}) 9. O-O O-O 10. Re1 (
10. Rc1 exd4 11. Nxd4 Nxd4 12. Qxd4 a5 13. f4 Nc5 14. Bf3 Bd7 15. Bd5 Kh8 16.
Rce1 f5 17. Bf3 Bc6 18. Bxc6 bxc6 19. e4 fxe4 20. Nxe4 Nxe4 21. Rxe4 Qd7 22.
Rfe1 {führt nach Zugumstellung zur Partiestellung im 22.Zug.}) 10... exd4 11.
Nxd4 Nxd4 12. Qxd4 a5 13. f4 Nc5 14. Bf3 Bd7 15. Bd5 Kh8 $1 16. Rad1 f5 17. Bf3
Bc6 18. Bxc6 bxc6 19. e4 $2 fxe4 20. Nxe4 Nxe4 $2 (20... Rxf4 $1) 21. Rxe4 Qd7
22. Rde1 Rae8 23. h3 h6 24. b3 Rxe4 25. Rxe4 Re8 26. Qe3 Rxe4 27. Qxe4 d5 $11
28. Qe5 a4 $2 (28... dxc4) 29. bxa4 $1 dxc4 30. a5 $16 Qd1+ 31. Kh2 Qa4 32. f5
c3 33. f6 gxf6 34. Qxf6+ Kh7 35. Qxc3 Qxa2 36. Qd3+ Kg7 37. Qd7+ Kg8 38. Qc8+
Kg7 39. Qxc7+ Kg8 40. Qc8+ Kf7 41. Qb7+ 1-0